Los turistas /

Guardat en:
Dades bibliogràfiques
Autor principal: Carrión Gálvez, Jorge (autor)
Format: Llibre
Idioma:espanyol
Publicat: Barcelona, España : Galaxia Gutenberg, 2015, c2015
Col·lecció:(Narrativa Galaxia Gutenberg ; 134)
Matèries:
Etiquetes: Afegir etiqueta
Sense etiquetes, Sigues el primer a etiquetar aquest registre!

MARC

LEADER 00000nam^a2200000^a^4500
001 000390058
005 20250521000000.0
009 20260310121137.893
020 |a 978-84-16252-24-4 
037 |a Acervo ITESO - Biblioteca 
041 |a ESP 
082 |a 863.  |b CAR HUE V. 3 
100 |a Carrión Gálvez, Jorge  |e (autor) 
240 1 4 |a [Las huellas, de Jorge Carrión Gálvez] 
240 1 5 |a [Los turistas, de Jorge Carrión Gálvez] 
245 1 4 |a Los turistas /  |c J. Carrión Gálvez. 
264 4 |a Barcelona, España :  |b Galaxia Gutenberg,  |c 2015, c2015 
300 |a 212 p. 
336 |a texto  |b txt  |2 rdacontenido 
337 |a sin mediación  |b n  |2 rdamedio 
338 |a volumen  |b nc  |2 rdasoporte 
440 1 |a (Narrativa Galaxia Gutenberg ;  |v 134) 
649 |a XX 
650 |a Turistas en la Literatura 
650 |a Novela Española 
650 |a Literatura Española -  |y Siglo XXI 
910 |a Fondo General 
920 |a Impresos - Libros 
930 |a Colección General 
940 |a Literatura 
905 |a 101 
901 |a 0500284879  |b IT1  |c LIT  |i C153861  |u 20250521 
902 |a https://opac.biblio.iteso.mx/vufind/Record/000390058